[Event "Biella Province-ch"]
[Site "Valle Mosso"]
[Date "2010.04.16"]
[Round "5"]
[White "Mehmedovic, Dzevad"]
[Black "Isoardi, Luigi"]
[Result "1-0"]
[WhiteElo "1410"]
[BlackElo "1425"]
[PlyCount "128"]
[EventDate "2010.03.12"]
[EventType "k.o."]
[EventRounds "6"]
[EventCountry "ITA"]
[SourceTitle "EXT 2024"]
[Source "ChessBase"]
[SourceDate "2023.10.10"]
[SourceVersion "1"]
[SourceVersionDate "2023.10.10"]
[SourceQuality "1"]

1. d4 d5 2. e3 Nf6 3. Nf3 e6 4. Nc3 Be7 5. Bd3 Nc6 6. a3 Bd7 7. e4 dxe4 8. Nxe4 0-0 9. c3 Re8 10. 0-0 Bd6 11. Bg5 Be7 12. Bf4 Nd5 13. Bg3 Nf6 14. Qc2 Nh5 15. Rae1 h6 16. Nc5 Bxc5 17. dxc5 Nxg3 18. fxg3 Qe7 19. Qf2 Qf6 20. Re4 e5 21. g4 Red8 22. Qe3 Qg6 23. h3 f6 24. Rb4 Qf7 25. Rxb7 Be6 26. Nh4 Qd7 27. Bb5 Rdb8 28. Rxb8+ Rxb8 29. a4 a6 30. Bxa6 Rxb2 31. Bb5 Ra2 32. c4 Qe8 33. Qe4 Bd7 34. Nf5 Nd4 35. Qd5+ Kh7 36. Bxd7 Qb8 37. Qf7 Nxf5 38. Bxf5+ Kh8 39. Qg6 Kg8 40. Qh7+ Kf7 41. Qg6+ Kf8 42. Be6 Qe8 43. Qxe8+ Kxe8 44. Rd1 Ke7 45. Bd7 e4 46. Bb5 Ke6 47. Re1 f5 48. gxf5+ Kxf5 49. Bc6 e3 50. Rxe3 Kf4 51. Rf3+ Ke5 52. Rf7 g5 53. Rxc7 h5 54. Rg7 Kf4 55. Kh2 g4 56. hxg4 hxg4 57. Bd5 Ra3 58. Rf7+ Kg5 59. c6 g3+ 60. Kh3 Re3 61. c7 Re8 62. Kxg3 Rg8 63. Kf2 Kh6 64. Rf6+ Kg7 1-0

[Event "Biella Province-ch"]
[Site "Valle Mosso"]
[Date "2010.04.09"]
[Round "4"]
[White "Curinga, Mauro"]
[Black "Mehmedovic, Dzevad"]
[Result "1-0"]
[WhiteElo "1560"]
[BlackElo "1410"]
[PlyCount "129"]
[EventDate "2010.03.12"]
[EventType "k.o."]
[EventRounds "6"]
[EventCountry "ITA"]
[SourceTitle "EXT 2024"]
[Source "ChessBase"]
[SourceDate "2023.10.10"]
[SourceVersion "1"]
[SourceVersionDate "2023.10.10"]
[SourceQuality "1"]

1. e4 e5 2. Nf3 d6 3. Bc4 h6 4. Nc3 Nf6 5. d3 a6 6. Be3 Nc6 7. a3 Be7 8. 0-0 0-0 9. Nd5 Nh7 10. b4 b5 11. Bb3 Be6 12. a4 Qd7 13. Qd2 Bf6 14. axb5 axb5 15. c3 Ne7 16. Nxf6+ Nxf6 17. Bxe6 Qxe6 18. h3 Nh7 19. Qb2 Ng6 20. Ra3 Nf4 21. Bxf4 exf4 22. Rfa1 Rxa3 23. Rxa3 c6 24. Nd4 Qd7 25. Qd2 g5 26. Nf5 Qe6 27. Qe2 d5 28. Nd4 Qd6 29. exd5 Qxd5 30. Qe4 Rd8 31. Qxd5 Rxd5 32. Nxc6 Rxd3 33. Nd4 Nf6 34. Nxb5 f3 35. c4 Rd1+ 36. Kh2 fxg2 37. Kxg2 Rb1 38. Ra4 Ne4 39. f3 Rb2+ 40. Kf1 Nd2+ 41. Kg2 Nxc4+ 42. Kg3 Ne5 43. Nd4 h5 44. h4 g4 45. fxg4 hxg4 46. b5 Kg7 47. Ra3 Kg6 48. Rb3 Rxb3+ 49. Nxb3 f5 50. b6 Nd7 51. b7 Kf6 52. Kf4 Kg6 53. Nd4 Nb8 54. Nxf5 Kh5 55. Kg3 Nd7 56. Ne3 Nb8 57. Nxg4 Nd7 58. Nf6+ Nxf6 59. b8Q Ne4+ 60. Kf4 Nf6 61. Qh8+ Kg6 62. Qc8 Nd5+ 63. Ke5 Ne3 64. Qg8+ Kh6 65. Kf6 1-0

[Event "Biella Province-ch"]
[Site "Valle Mosso"]
[Date "2010.03.12"]
[Round "1"]
[White "Migliorini, Matteo"]
[Black "Mehmedovic, Dzevad"]
[Result "1-0"]
[WhiteElo "1638"]
[BlackElo "1410"]
[PlyCount "75"]
[EventDate "2010.03.12"]
[EventType "k.o."]
[EventRounds "6"]
[EventCountry "ITA"]
[SourceTitle "EXT 2024"]
[Source "ChessBase"]
[SourceDate "2023.10.10"]
[SourceVersion "1"]
[SourceVersionDate "2023.10.10"]
[SourceQuality "1"]

1. e4 e5 2. Nf3 d6 3. d4 exd4 4. Nxd4 Nf6 5. Nc3 h6 6. Bd3 a6 7. 0-0 Be7 8. Re1 Nbd7 9. Nf5 0-0 10. Bf4 Ne5 11. Nxe7+ Qxe7 12. Nd5 Qd8 13. c4 c6 14. Ne3 Qe7 15. Bc2 Rd8 16. Qe2 Nfg4 17. Nxg4 Bxg4 18. f3 Be6 19. b3 Qf6 20. Bg3 Ng6 21. Rad1 Bc8 22. e5 Qg5 23. exd6 Be6 24. Qe3 Qf6 25. Be5 Nxe5 26. Qxe5 Rd7 27. Qxf6 gxf6 28. f4 f5 29. Re5 Kg7 30. Bxf5 Kf6 31. Bxe6 fxe6 32. c5 Rg8 33. Rde1 Rdg7 34. Rxe6+ Kf5 35. g3 h5 36. R1e5+ Kg4 37. Kg2 h4 38. h3# 1-0